Alle Pokémon, die größer als 2 m sind - Statistiken

Allgemein
  • Dieses Quiz wurde 26 mal gespielt
  • Das Durchschnittsergebnis liegt bei 53 aus 129
Antwortstatistiken
Größe Typ Pokémon % Korrekt
8,8 m 🪨🟤 Onix
100%
6,5 m 💧🪽 Garados
93%
3,8 m 🔥🪽 Ho - Oh
93%
9,2 m ⛓️🟤 Stahlos
93%
14,5 m 💧 Wailord
93%
5,4 m ⛓️🐉 Dialga
87%
4 m 🐉 Dragonir
87%
4,5 m 👻🐉 Giratina
87%
3,5 m 🟤 Groudon
87%
4,5 m 💧 Kyogre
87%
5,2 m 🌀🪽 Lugia
87%
4,2 m 💧🐉 Palkia
87%
7 m 🐉🪽 Rayquaza
87%
3,5 m ☠️ Arbok
80%
2,2 m 🐉🪽 Dragoran
80%
2 m 🔥🪽 Lavados
73%
3,7 m Regigigas
73%
3,2 m Arceus
67%
2 m 🪨🌒 Despotar
67%
2,5 m 💧❄️ Lapras
67%
2 m 🌀 Mewtu
67%
6,2 m 💧 Milotic
67%
2,1 m Relaxo
67%
3,2 m 🐉🔥 Reshiram
67%
2 m ☠️ Rettan
67%
2 m 💧 Wailmer
67%
2,9 m 🐉⚡ Zekrom
67%
20 m ☠️🐉 Endynalos
60%
3 m 🧚🏻‍♂️ Xerneas
60%
5,8 m 🌒🪽 Yveltal
60%
9,2 m ⛓️🪽 Kaguron
53%
3 m 🐉❄️ Kyurem
53%
2,5 m ❄️🟤 Mamutel
53%
2,4 m 🪲🤛🏻 Masskito
53%
3,8 m 🟤 Sanaconda
53%
3,3 m 🌿 Serpiroyal
53%
2 m 🌿 Tangoloss
53%
2,7 m ☠️ Vipitis
53%
5 m 🐉🟤 Zygarde
53%
2,1 m 🔥 Entei
47%
5,2 m ⚡🐉 Furienblitz
47%
2 m Letarking
47%
4 m 🌀👻 Lunala
47%
5,5 m 🪨⛓️ Muramura
47%
2,2 m 🌿❄️ Rexblisar
47%
3 m ⚪🐉 Sen - Long
47%
3,4 m 🌀⛓️ Solgaleo
47%
2,1 m ⛓️🪨 Stolloss
47%
2 m ❄️ Arktilas
40%
2,8 m 🟤👻 Golgantes
40%
2,5 m 🪨 Humanolith
40%
3,5 m 🔥🐉 Keilflamme
40%
2,1 m ⛓️🤛🏻 Kobalium
40%
2 m 🌿🌀 Kokowei
40%
3,5 m 🤛🏻🐉 Koraidon
40%
2 m 🐉🌀 Latios
40%
2 m 🟤🐉 Libelldra
40%
2,8 m ⚡🐉 Miraidon
40%
2,4 m 🟤🪨 Rihornior
40%
5,5 m 🌒🐉 Schlingking
40%
2,6 m ❄️ Siberio
40%
2 m 💧 Suicune
40%
2 m 🌿🪽 Tropius
40%
2,4 m 🟤⚪ Ursaluna
40%
2 m 🌿🤛🏻 Viridium
40%
2 m 🐉 Viscogon
40%
3,8 m Voltriant
40%
2,8 m 🧚🏻‍♂️ Zacian
40%
2,9 m 🤛🏻 Zamazenta
40%
3,6 m ☠️🐉 Agoyon
33%
2,7 m 🪨❄️ Amagarga
33%
2,2 m 💧👻 Apoquallyp
33%
2 m 🌿☠️ Bisaflor
33%
2 m 🐉🌒 Donnersichel
33%
2,1 m 🐉❄️ Espinodon
33%
2,3 m 🤛🏻 Hariyama
33%
3 m 🐉👻 Katapuldra
33%
2,1 m 💧🪽 Mantax
33%
2,5 m ⛓️ Melmetal
33%
2,4 m 🌀 Necrozma
33%
2,5 m 🟤 Pampross
33%
2,2 m 🟤 Salanga
33%
2,5 m 🪲☠️ Cerapendra
27%
2,2 m 🌿🟤 Chelterrar
27%
3,2 m ⚪🌀 Farigiraf
27%
12 m 💧 Heerashai
27%
2,3 m 💧 Impergator
27%
2,2 m Kangama
27%
2,5 m 🪨🐉 Monargoras
27%
2 m 👻 Phantoross
27%
2,2 m ❄️ Polaross
27%
2,1 m 🐉 Regidrago
27%
2 m 🟤🪽 Skorgro
27%
2,2 m 👻 Zwirrfinst
27%
2 m ⛓️🐉 Briduradon
20%
2,7 m 🌒🟤 Dinglu
20%
3,6 m Dummimisel
20%
2,1 m ⚪🤛🏻 Kosturso
20%
3,2 m 🪲🤛🏻 Kriechflügel
20%
3,9 m 👻🌿 Moruda
20%
3 m ⛓️ Patinaraja
20%
2,3 m 💧🐉 Pescragon
20%
2 m 💧❄️ Pescryodon
20%
2,2 m 🟤🤛🏻 Riesenzahn
20%
2,1 m 🌀🧚🏻‍♂️ Silembrim
20%
2 m 🔥🐉 Tortunator
20%
2,1 m Zapplarang
20%
2,3 m Amigento
13%
2,1 m 🌿 Gortrom
13%
2 m 🟤 Hippoterus
13%
3 m 🔥🪲 Infernopod
13%
4,5 m ❄️ Kolowal
13%
2,3 m ⚡❄️ Lecryodon
13%
3 m 🤛🏻 Legios
13%
2,8 m 🪨🔥 Montecarbo
13%
3 m 💧👻 Salmagnis
13%
2,5 m ⛓️ Schlurm
13%
3,5 m 💧🐉 Windewoge
13%
2 m 🌒⛓️ Gladimperio
7%
2,2 m 🪽⛓️ Krarmor
7%
2,5 m 🌒☠️ Myriador
7%
2,1 m 🤛🏻🌒 Pandagro
7%
2 m 🤛🏻 Quartermak
7%
2,3 m 🪨 Saltigant
7%
2,3 m ⚡🟤 Sandfell
7%
2 m 🪲💧 Tectass
7%
2,5 m 💧🌀 Agiluza
0%
2 m 👻 Friedwuff
0%
2 m 💧🌀 Laschoking
0%
Keine übereinstimmenden Quizze gefunden
Verteilung der Resultate
Anzahl Personen mit jedem Resultat
Perzentil nach korrekt beantworteten Fragen
Ihre Resultats-Entwicklung
Sie haben dieses Quiz noch nicht gespielt